Planning For Power Advertising : A user's manual for students and practitioners (Record no. 894)
[ view plain ]
| 000 -LEADER | |
|---|---|
| Fixed length control field | 00521nam a2200169 4500 |
| 003 - CONTROL NUMBER IDENTIFIER | |
| Control field | SEACOMMC |
| 005 - DATE AND TIME OF LATEST TRANSACTION | |
| Control field | 20250428130516.0 |
| 008 - FIXED-LENGTH DATA ELEMENTS--GENERAL INFORMATION | |
| Fixed length control field | 241217b |||||||| |||| 00| 0 eng d |
| 020 ## - INTERNATIONAL STANDARD BOOK NUMBER / ISBN | |
| International Standard Book Number | 978-1-761933-54-0 |
| Price | Rs.395.00 |
| 040 ## - CATALOGING SOURCE | |
| Original cataloging agency | SEACOMMC |
| 082 ## - DEWEY DECIMAL CLASSIFICATION NUMBER | |
| Classification number | 659.1 |
| Book Number | H 197 |
| 100 ## - MAIN ENTRY--PERSONAL NAME | |
| Personal name | Halve, Anand Bhaskar |
| 245 1# - TITLE STATEMENT | |
| Title | Planning For Power Advertising : A user's manual for students and practitioners |
| Statement of responsibility | Anand Bhaskar Halve |
| 260 ## - IMPRINT | |
| Place of publication | New Delhi |
| Name of publisher | Response books |
| Date of publication | 2005 |
| 650 ## - SUBJECT ADDED ENTRY--TOPICAL TERM | |
| Topical term | Business and Management |
| 942 ## - ADDED ENTRY ELEMENTS (KOHA) | |
| Koha item type | Books |
| Withdrawn status | Lost status | Source of classification | Damaged status | Not for loan | Home library | Current library | Shelving location | Date acquired | Total Checkouts | Call number | Accession number | Date last seen | Price effective from | Koha item type |
|---|---|---|---|---|---|---|---|---|---|---|---|---|---|---|
| Dewey Decimal Classification | SEACOM MANAGEMENT COLLEGE | SEACOM MANAGEMENT COLLEGE | Reference | 07/12/2007 | 659.1 H 197 | M-1205 | 17/12/2024 | 17/12/2024 | Books |
